Lacs de Suisse sur une carte - Statistiques

Statistiques générales
  • Ce quiz a été pris 3 956 fois
  • Le résultat moyen est 7 sur 15
Réponses sur la Carte
Les réponses sont colorées sur une échelle allant du rouge au vert en fonction du pourcentage des utilisateurs qui les ont devinées à leur premier essai. Vous pouvez retrouver ces pourcentages ci-dessous.
 
Statistiques - réponses
Surface (km²) Lac % Correct
345,31 Le Léman
99%
215,20 Lac de Neuchâtel
78%
172,86 Lac de Constance
70%
88,17 Lac de Zurich
65%
113,72 Lac des Quatre Cantons
52%
42,29 Lac Majeur
52%
39,51 Lac de Bienne
51%
30,03 Lac de Lugano
49%
47,74 Lac de Thoune
43%
22,80 Lac de Morat
42%
38,41 Lac de Zoug
38%
29,81 Lac de Brienz
30%
24,16 Lac de Walenstadt
15%
14,36 Lac de Sempach
14%
10,21 Lac de Hallwil
10%
Aucun quiz correspondant
Distribution des résultats
% des personnes avec chaque résultat
Percentile par nombre de réponses
Votre historique - résultats
Vous n’avez pas pris ce quiz